[Event "Val Thorens op 32nd"]
[Site "Val Thorens"]
[Date "2006.07.19"]
[Round "5"]
[White "Soos, Francky"]
[Black "Felix, Alain"]
[Result "1-0"]
[WhiteElo "1440"]
[BlackElo "1180"]
[PlyCount "59"]
[EventDate "2006.07.15"]
[EventType "swiss"]
[EventRounds "9"]
[EventCountry "FRA"]
[SourceTitle "EXT 2010"]
[Source "ChessBase"]
[SourceDate "2010.11.25"]
[SourceVersion "1"]
[SourceVersionDate "2010.11.25"]
[SourceQuality "1"]

1. e4 e5 2. Nf3 Nc6 3. Bc4 Bc5 4. d3 d6 5. Ng5 Nh6 6. 0-0 0-0 7. Nf3 Be6 8. Bxe6 fxe6 9. Bxh6 gxh6 10. c3 Kf7 11. Qb3 Ke7 12. Qxb7 Rb8 13. Qxc6 Rb6 14. Qa4 Rg8 15. d4 exd4 16. cxd4 Bb4 17. a3 Bxa3 18. Qxa3 Qf8 19. Nbd2 Qg7 20. g3 h5 21. Qxa7 Kd7 22. Rfc1 Rc6 23. Qa4 h4 24. Qxc6+ Ke7 25. Qxc7+ Kf6 26. e5+ dxe5 27. Qxe5+ Kg6 28. Nxh4+ Kh6 29. Qxg7+ Kxg7 30. Rc6 1-0

[Event "FRA-chT U20a 0405"]
[Site "France"]
[Date "2005.05.15"]
[Round "9.4"]
[White "Cohen Solal, Lennie"]
[Black "Soos, Francky"]
[Result "1/2-1/2"]
[WhiteElo "1420"]
[BlackElo "1380"]
[PlyCount "104"]
[EventDate "2004.11.19"]
[EventType "team-tourn"]
[EventRounds "11"]
[EventCountry "FRA"]
[SourceTitle "EXT 2006"]
[Source "ChessBase"]
[SourceDate "2005.11.24"]
[SourceVersion "1"]
[SourceVersionDate "2005.11.24"]
[SourceQuality "1"]

1. b4 d5 2. Bb2 e6 3. Nf3 Nf6 4. a3 g6 5. e3 Bg7 6. c4 0-0 7. Be2 b6 8. 0-0 Bb7 9. Qc2 Nbd7 10. Rc1 Rc8 11. d4 Re8 12. c5 c6 13. Nbd2 b5 14. a4 a6 15. axb5 axb5 16. Ra7 Qc7 17. Rca1 Ra8 18. Qb1 Rxa7 19. Rxa7 Ra8 20. Qa2 Rxa7 21. Qxa7 Qb8 22. Qa5 Qa8 23. Qc7 Qb8 24. Qa5 Qa8 25. Qc7 Qb8 26. Qxb8+ Nxb8 27. Ne5 Nbd7 28. Nxd7 Nxd7 29. Nf3 f5 30. g4 fxg4 31. Ng5 Nf8 32. Bxg4 Bc8 33. f4 h6 34. Nf3 Bd7 35. Ne5 Bxe5 36. fxe5 Kg7 37. h4 Nh7 38. Kf2 h5 39. Bf3 Kh6 40. e4 dxe4 41. Bxe4 Nf8 42. Bc1+ Kg7 43. Bg5 Kf7 44. Kg3 Kg7 45. Bf6+ Kf7 46. Kf4 Nh7 47. Bg5 Be8 48. Bh6 Nf8 49. Kg5 Nh7+ 50. Kf4 Nf8 51. Bg5 Nh7 52. Bh6 Nf8 1/2-1/2

[Event "Lyon op"]
[Site "Lyon"]
[Date "2005.04.18"]
[Round "4"]
[White "Soos, Francky"]
[Black "Cara, Jean Marc"]
[Result "0-1"]
[WhiteElo "1390"]
[BlackElo "1670"]
[PlyCount "27"]
[EventDate "2005.04.16"]
[EventType "swiss"]
[EventRounds "9"]
[EventCountry "FRA"]
[SourceTitle "CBM 105 Extra"]
[Source "ChessBase"]
[SourceDate "2005.05.01"]
[SourceVersion "1"]
[SourceVersionDate "2005.05.01"]
[SourceQuality "1"]

1. d4 d5 2. c4 e6 3. Nc3 Nf6 4. Bg5 Nbd7 5. cxd5 exd5 6. Nxd5 Nxd5 7. Bxd8 Bb4+ 8. Qd2 Bxd2+ 9. Kxd2 Kxd8 10. e4 N5f6 11. Nf3 Nxe4+ 12. Kd3 Nxf2+ 13. Ke2 Nxh1 14. g3 0-1